000 00451nam a2200181Ia 4500
001 18088
005 20260306171605.0
008 260306s9999||||xx |||||||||||||| ||und||
041 _aESP
082 _a658.401
_bP26G
100 _aPardo Álvarez, José Manuel
_eAUT
245 0 _aGestión por procesos y riesgo operacional
260 _c2019
300 _a224 páginas :
_c24 cm.
650 _aGEN
654 _aCAN
942 _cLIB
_dJUS
_fJUS
_2ddc
_n
999 _c18088
_d18088